Normal view
MARC view
- Simon.E.D
Entry Personal Name
001 - CONTROL NUMBER
- control field: 105452
003 - CONTROL NUMBER IDENTIFIER
- control field: NUST
005 - DATE AND TIME OF LATEST TRANSACTION
- control field: 20221221104336.0
008 - FIXED-LENGTH DATA ELEMENTS
- fixed length control field: 221221|| aca||aabn | a|a d
040 ## - CATALOGING SOURCE
- Original cataloging agency: NUST
- Transcribing agency: NUST
100 ## - HEADING--PERSONAL NAME
- Personal name: Simon.E.D
670 ## - SOURCE DATA FOUND
- Source citation: Work cat.: (NUST)185061: Simon.E.D, A city Council From Within / , 1926
